000
00274nam a2200133Ia 4500
100
_a
Rydnik/V
942
_c
BK
654
_a
mechanics
245
_a
ABC'''' S Quantum Mechanics
260
_b
Mir Publishers
_c
2001
082
_a
530.1
300
_a
362
546
_a
ENGLISH
999
_c
18434
_d
18434